000 01440 a2200253 4500
001 53244
005 20260407155806.0
008 260407a2020 arg spa d
003 AR-UNSa-BCEJYS
040 _aAR-UNSa-BCEJYS
_bspa
_cAR-UNSa-BCEJYS
080 _a658.3
_xPersonal. Relaciones humanas en la empresa (Recursos Humanos)
245 1 0 _aManual de recursos humanos y relaciones laborales en la empresa
020 _a978-987-01-2470-2
250 _a2a. ed.
264 1 _aBuenos Aires :
_bErrepar
_c2020
300 _axix, 329 p.
_c21 cm.
505 _a1. Nuevo enfoque en la dirección de RRHH – 2. Liderazgo y relaciones con empleados – 3. Relaciones laborales colectivas – 4. Asociaciones sindicales – 5. Encuadramiento – 6. Códigos de conducta y ética en las empresas – 7. Sanciones disciplinarias – 8. Fin de la relación laboral – 9. El avance tecnológico en las RRLL – 10. La huelga: aspectos legales y prácticos – 11. La negociación individual y colectiva – 12. Asesor laboral corporativo (reduciendo contingencias) – 13. Novedades y temas de actualidad – 14. Los nuevos desafíos laborales de los ejecutivos de RRHH.
041 _aspa
942 _cBK
590 _aniveau_biblio:m niveau_hierar:0
100 1 _aDiego, Natalia Gimena de
700 1 _aLanfranco, Leandro Augusto
856 4 1 _uhttps://www.biblioeco.unsa.edu.ar/pmb/images/libros/L128389.jpg
_yImagen de portada
_qimage/jpeg
999 _c5162
_d5162